Houston Rockets leading scorer each game (2024-2025 season) - Statistics

General Stats
  • This quiz has been taken 16 times
  • The average score is 7 of 10
Answer Stats
# of games Player % Correct
32 Jalen Green
100%
18 Alperen Sengun
93%
5 Amen Thompson
79%
8 Dillon Brooks
79%
8 Fred VanVleet
79%
4 Jabari Smith Jr.
64%
3 Tari Eason
64%
1 Reed Sheppard
43%
1 Aaron Holiday
36%
2 Cam Whitmore
29%
No matching quizzes found
Score Distribution
Percent of People with Each Score
Percentile by Number Answered
Your Score History
You have not taken this quiz